Research on protestantism in Latin America : (Registro nro. 57236)
[ vista simple ]
| 000 -LÍDER | |
|---|---|
| Campo fijo de descripción fija | 01412aab a2200241 i 4500 |
| 001 - NÚMERO DE CONTROL | |
| Campo de control | 768714001 |
| 003 - IDENTIFICADOR DEL NÚMERO DE CONTROL | |
| Campo de control | CO-MdFUSB |
| 005 - FECHA Y HORA DE LA ULTIMA TRANSACCIÓN | |
| control field | 20240809105005.0 |
| 008 - ELEMENTOS DE LONGITUD FIJA -- INFORMACIÓN GENERAL | |
| Campo fijo de descripción fija -- Información general | 240809t2002 -us||||| |||| 00| 0 eng d |
| 040 ## - FUENTE DE CATALOGACIÓN | |
| Idioma de catalogación | spa |
| Agencia que realiza la transcripción | CO-MdFUSB |
| 041 ## - CÓDIGO DE IDIOMA | |
| Código de idioma para texto/pista de sonido o título separado | eng |
| 100 1# - ASIENTO PRINCIPAL--NOMBRE PERSONAL | |
| Nombre personal | Sinclair, John H. |
| Término relacionador | autor |
| 245 10 - TÍTULO | |
| Título | Research on protestantism in Latin America : |
| Subtitulo | a bibliographic essay |
| Mención de responsabilidad | / John H. Sinclair |
| 520 ## - NOTA DE RESUMEN, ETC. | |
| Nota de sumario, etc. | La siguiente reseña de la investigación sobre el protestantismo en América Latina proviene de un inmenso cuerpo de literatura y es necesariamente muy selectiva. Mientras que en los primeros años del siglo XX la investigación seria a menudo recaía en misioneros y académicos expatriados, en el último medio siglo mucha investigación valiosa ha provenido de académicos nacidos, criados y educados en América Latina. Una cantidad considerable de investigación ha sido realizada por académicos reconocidos; otros estudios, a menudo de igual valor, han sido producidos por académicos laicos. |
| 546 ## - NOTA DE IDIOMA | |
| Nota de idioma | Texto en inglés. |
| 650 #0 - ASIENTO SECUNDARIO DE MATERIA - TERMINO TEMÁTICO | |
| Término temático o nombre geográfico como elemento de entrada | Evangelización |
| 9 (RLIN) | 362 |
| 650 #0 - ASIENTO SECUNDARIO DE MATERIA - TERMINO TEMÁTICO | |
| Término temático o nombre geográfico como elemento de entrada | Protestantismo |
| 9 (RLIN) | 947 |
| 650 #7 - ASIENTO SECUNDARIO DE MATERIA - TERMINO TEMÁTICO | |
| Término temático o nombre geográfico como elemento de entrada | Cristianismo y cultura |
| Subdivisión de forma | Historia |
| 9 (RLIN) | 6963 |
| 650 #7 - ASIENTO SECUNDARIO DE MATERIA - TERMINO TEMÁTICO | |
| Término temático o nombre geográfico como elemento de entrada | Antropología cultural y social |
| 9 (RLIN) | 6714 |
| 773 0# - ASIENTO DE ITEM FUENTE | |
| Título | International Bulletin |
| Biblionumber | 49483 |
| Itemnumber | 60994 |
| Parte(s) relacionada(s) / Volumen., número. (mes año), páginas | Volumen 26, (número 3, 2002), páginas: 110 - 117 |
| Enumeración y primera página | página: 110 |
| 942 ## - TIPO DE MATERIAL (KOHA) | |
| Tipo de Item KOHA | Artículos de Revista |
| 945 ## - INFORMACIÓN LOCAL DEL REGISTRO | |
| Catalogador | Catherine Arias Álvarez - Practicante SENA |
No hay ítems disponibles.
